|
|
|
|
| LEADER |
07539nam a22004213i 4500 |
| 001 |
EBC30686182 |
| 003 |
MiAaPQ |
| 005 |
20231204023231.0 |
| 006 |
m o d | |
| 007 |
cr cnu|||||||| |
| 008 |
231204s2018 xx o ||||0 ger d |
| 020 |
|
|
|a 9783631770580
|q (electronic bk.)
|
| 020 |
|
|
|z 9783631770573
|
| 035 |
|
|
|a (MiAaPQ)EBC30686182
|
| 035 |
|
|
|a (Au-PeEL)EBL30686182
|
| 035 |
|
|
|a (OCoLC)1080489946
|
| 040 |
|
|
|a MiAaPQ
|b eng
|e rda
|e pn
|c MiAaPQ
|d MiAaPQ
|
| 100 |
1 |
|
|a Stahl, Henrieke.
|
| 245 |
1 |
0 |
|a Субъект в новейшей русскоязычной поэзии - теория и практика.
|
| 250 |
|
|
|a 1st ed.
|
| 264 |
|
1 |
|a Frankfurt a.M. :
|b Peter Lang GmbH, Internationaler Verlag der Wissenschaften,
|c 2018.
|
| 264 |
|
4 |
|c {copy}2018.
|
| 300 |
|
|
|a 1 online resource (450 pages)
|
| 336 |
|
|
|a text
|b txt
|2 rdacontent
|
| 337 |
|
|
|a computer
|b c
|2 rdamedia
|
| 338 |
|
|
|a online resource
|b cr
|2 rdacarrier
|
| 490 |
1 |
|
|a Neuere Lyrik. Interkulturelle und Interdisziplinaere Studien Series ;
|v v.4
|
| 505 |
0 |
|
|a Cover -- Содержание -- Субъект в новейшей русскоязычной поэзии - теория и практика (Хенрике Шталь / Екатерина Евграшкина) -- К теории и типологии поэтического субъекта -- Многоипостасная модель поэтического субъекта (Хенрике Шталь) -- О проблеме фиктивности лирического субъекта (на материале стихотворений Е. Шварц, О. Седаковой, П. Барсковой и С. Кековой) (Виллем Г. Вестстейн) -- Два значения понятия «лирический герой» и их роль для построения современной теории лирического субъекта (Владимир Новиков) -- Трансформации субъектности (Сергей Бирюков) -- Анализ многоязычия поэтического текста как метод реконструкции субъекта (Наталия Азарова) -- К проблеме «номадического субъекта» в современной поэзии (Наталья Фатеева) -- Субъект и субъективация в новейшей русской поэзии: подступы к типологии (Евгения Суслова) -- Отчужденный субъект в русской поэзии 2000-х гг. (Ольга Соколова) -- Дейксис как присутствие субъекта в поэтическом тексте: теоретические подход (Владимир Фещенко) -- Игры с перспективой и «полагание» субъекта: о дейксисе поэтического текста (Екатерина Евграшкина) -- «Субъект» современной поэзии как прагматическая переменная (Ольга Северская) -- Субъект и объект в современной поэзии (Людмила Зубова) -- Субъект в новейшей русской поэзии -- Поэтическая форма как фактор идентичности. Сравнительный обзор русской лирики XX века (Роберт Ходель) -- Соотношение лирического субъекта и типа стиха в «вариативном» творчестве Сергея Завьялова и Максима Амелина (Юрий Орлицкий) -- Современные поэты-«не-поэты»: от позиции и текста к субъектности (Федор Двинятин) -- Лирическое «мы» в творчестве Виктора Кривулина 1990-х гг. (анализ на примере книги стихов «Концерт по заявкам») (Марко Саббатини) -- Сопричастная субъективность в современной русской «непрозрачной» поэзии (Галина Заломкина).
|
| 505 |
8 |
|
|a Коммуникативные лирические отношения и способы выражения субъекта в поэзии Елены Зейферт (на материале сборника «Веснег») (Александра Третьякова) -- Формы субъектности в современной украинской гражданской поэзии (Анна Гаврилюк) -- Субъект лирический или публицистический? (от чьего имени говорит новая социальная поэзия) (Ольга Северская) -- Радикальная индивидуализация опыта: субъект в поэзии А. Драгомощенко и А. Сен-Сенькова (Александр Уланов) -- Субъект в онейрических текстах Ольги Седаковой и Елены Шварц (сравнительный анализ) (Катина Бахарова) -- Лирический субъект в поэзии минимализма (Валерий Гречко) -- Возвращение мерцающего субъекта: московский концептуализм и поэзия 2000-2010-х годов (Кирилл Корчагин) -- «Цитатный» субъект: неоакмеизм, концептуализм, пост-концептуализм (Марк Липовецкий) -- Ready-made как опыт реконструкции лирического субъекта (Александр Житенев) -- Особенности конструирования субъекта в «поэзии вычеркиваний» (Михаил Мартынов).
|
| 520 |
|
|
|a Книга призвана дать толчок обновлению теории и методологии изучения субъектности в поэзии. Взаимодействие литературоведческой практики с лингвистическими, когнитивными теориями, с новейшей западной теорией лирики, а также с философскими концепциями делает возможным многосторонний подход к сложным феноменам современной русскоязычной поэзии.
|
| 588 |
|
|
|a Description based on publisher supplied metadata and other sources.
|
| 590 |
|
|
|a Electronic reproduction. Ann Arbor, Michigan : ProQuest Ebook Central, 2023. Available via World Wide Web. Access may be limited to ProQuest Ebook Central affiliated libraries.
|
| 655 |
|
4 |
|a Electronic books.
|
| 700 |
1 |
|
|a Evgrashkina, Ekaterina.
|
| 776 |
0 |
8 |
|i Print version:
|a Stahl, Henrieke
|t Субъект в новейшей русскоязычной поэзии - теория и практика
|d Frankfurt a.M. : Peter Lang GmbH, Internationaler Verlag der Wissenschaften,c2018
|z 9783631770573
|
| 797 |
2 |
|
|a ProQuest (Firm)
|
| 830 |
|
0 |
|a Neuere Lyrik. Interkulturelle und Interdisziplinaere Studien Series
|
| 856 |
4 |
0 |
|u https://ebookcentral.proquest.com/lib/matrademy/detail.action?docID=30686182
|z Click to View
|